000 01024nam a2200205Ia 4500
003 Ost
005 20260507075634.0
008 260507s9999||||xx |||||||||||||| ||und||
040 _cfsecg
041 _aara
082 _a658.8
100 _aالديوه جي، أبي سعيد
_eمؤلف
245 0 _aبحوث التسويق /
_c أبي سعيد الديوه جي
260 _aعمان:
_bدار الحامد للنشر,
_c2001
300 _a387 صفحة؛
_bإيضاحات ؛
_c24 سم
520 _aمفهوم وأهمية بحوث التسويق- بحوث التسويق واتخاذ القرارات- تصميم اجراءات البحث التسويقي- المشكلة ومححاتها في البحث التسويقي -البيانات الثانوية- البيانات الأولية -العينات-حجم العينة- الاستبيان(الاستقصاء)- القياس والبحث-تحليل البيانات
653 _aأدارة المبيعات
653 _aالتسويق
942 _cكتاب
999 _c45264
_d45264